Geografía de las actividades terciarias: una reinterpretación de la teoría de los lugares centrales

Збережено в:
Бібліографічні деталі
Автор: Beavon, Keith S. O (Автор)
Формат: Книга
Мова:Іспанська
Опубліковано: Barcelona Oikos-Tau 1981
Редагування:1a. ed
Серія:Colección Ciencias Geográficas
Предмети:
Теги: Додати тег
Немає тегів, Будьте першим, хто поставить тег для цього запису!

MARC

LEADER 00000cam a2200000 a 4500
001 UCN9998
003 CL-VaPUC
008 020103e19810000SP |||||||||||||||||spa|d
020 |a 8428104700 
082 0 4 |a 910.01  |b BEA  |2 21 
100 0 |a Beavon, Keith S. O  |e author  |9 466582 
245 1 0 |a Geografía de las actividades terciarias: una reinterpretación de la teoría de los lugares centrales 
250 |a 1a. ed 
300 |a 243 p 
942 |c BK 
945 |d 20020103 00:00:00  |a cmena 
260 |a Barcelona  |b Oikos-Tau  |c 1981 
500 |a ALGUNOS EJEMPLARES EN INST.DE GEOGRAFIA POR PROY.MINEDUC 
650 0 |a Filosofía de las ciencias sociales  |9 268057 
650 0 |a Geografía  |9 259346 
650 0 |a Investigación científica  |9 259857 
650 0 |a Planificación urbana   |9 258176 
583 |a last modification  |c 20140701 12:14:59  |k Rodrigo Vera 
490 0 |a Colección Ciencias Geográficas 
999 |c 299074  |d 299072 
952 |0 0  |1 0  |4 0  |6 910_010000000000000_BEA_1981  |7 0  |8 A  |9 355210  |a BIBING  |b BIBING  |d 2019-11-21  |i 3785904  |o 910.01 BEA 1981  |p 3785904  |r 2025-01-20  |w 2019-11-21  |y BK  |k GEO 
952 |0 0  |1 0  |4 0  |6 910_010000000000000_BEA_1981  |7 0  |8 A  |9 355211  |a BIBING  |b BIBING  |d 2019-11-21  |i 4429214  |o 910.01 BEA 1981  |p 4429214  |r 2025-01-20  |w 2019-11-21  |y BK  |k GEO 
952 |0 0  |1 0  |3 erb  |4 0  |6 910_010000000000000_BEA_1981  |7 0  |8 A  |9 355212  |a BIBING  |b BIBING  |i 5069025  |o 910.01 BEA 1981  |p 5069025  |r 2025-01-20  |w 2019-11-21  |y BK  |k GEO